000 01788nam a22003495i 4500
001 23246510
005 20250602144134.0
008 230727s2024 nyu 000 0 eng
010 _a 2023943395
020 _a9780198896319
037 _cTB
040 _aCRL
_beng
_erda
_cCRL
_dCRL
041 _2eng
_aeng
042 _apcc
084 _aO11196:g R4
_qCRL
100 1 _aReza, Alexandra,
_eauthor.
_9811402
245 1 0 _aAnticolonial form:
_bLiterary journals at the end of empire
260 _aNew York, USA:
_bOxford University Press,
_c2024.
263 _a2403
264 1 _c2024.
300 _axviii, 283p. cm
336 _atext
_btxt
_2rdacontent
337 _aunmediated
_bn
_2rdamedia
338 _avolume
_bnc
_2rdacarrier
365 _b80.00
_cUSD
520 _a"Articulated anticolonialism: Literary journals and African decolonization addresses the relationship between culture and politics in two journals published in Europe by African writers: Presence Africaine, launched in Paris in 1947, and Mensagem, published between 1948 and 1964 in Lisbon. Grounded in extensive archival work, the book argues for a comparative and transnational approach to postcolonial literary studies, for the significance of the literary journal as a key form in the development of African writing in French, Portuguese, and English, and for a historically and geographically contingent understanding of the relationships between literature, culture and politics"--
_cProvided by publisher.
650 _2African Literature
906 _a0
_bibc
_corignew
_d2
_eepcn
_f20
_gy-gencatlg
942 _2CC
_cTB
_hO11196:g R4
_n0
999 _c1431303
_d1431303